Aula del sur 1 : curso de español /

Guardado en:
Otros Autores: Corpas, Jaime
Formato: Libro
Publicado: Buenos Aires : Voces del sur, 2009
Materias:
Etiquetas: Agregar Etiqueta
Sin Etiquetas, Sea el primero en etiquetar este registro!
LEADER 00854nam a22002295a 4500
001 EHU.bham040421
003 AR-BHAM
005 20100809162649.0
008 130507s2009##################000#0#####d
020 |a 9789872283353 
082 4 6 |a 460.7 
245 0 0 |a Aula del sur 1 :  |b curso de español /  |c Jaime Corpas... [et Al.] 
260 |a Buenos Aires :  |b Voces del sur,  |c 2009 
300 |a 152 p. 
653 |a Español como lengua extranjera 
653 |a Español-enseñanza 
653 |a Español-aprendizaje 
700 1 |a Corpas, Jaime 
859 |a AR-BHAM  |b BIB. HUMANIDADES - General  |h 460.7  |i Au51  |p 261.10  |t Ej.1  |v 1  |3 1 
859 |a AR-BHAM  |b BIB. HUMANIDADES - General  |h 460.7  |i Au51  |p 262.10  |t Ej.2  |v 1  |3 1 
859 |a AR-BHAM  |b BIB. HUMANIDADES - General  |h 460.7  |i Au51  |p 263.10  |t Ej.3  |v 1  |3 1 
859 |a AR-BHAM  |b BIB. HUMANIDADES - General  |h 460.7  |i Au51  |p 265.10  |t Ej.4  |v 1  |3 1